000 00185 a2200097 4500
020 _a9788434816060
041 _aspa
100 _aVictor Carvajal
245 _aCuenta trapos
942 _cK
999 _c27321
_d27321